书目信息 |
| 题名: |
激光束的强度矩描述
|
|
| 作者: | 冯国英 , 周寿桓 编著 | |
| 分册: | ||
| 出版信息: | 北京 国防工业出版社 2016.11 |
|
| 页数: | 205页 | |
| 开本: | 24cm | |
| 丛书名: | 现代激光技术及应用丛书 | |
| 单 册: | ||
| 中图分类: | TN241 , TN24 | |
| 科图分类: | ||
| 主题词: | 激光--强度矩阵--研究 | |
| 电子资源: | ||
| ISBN: | 978-7-118-11165-1 | |
| 000 | 01006oam2 2200289 450 | |
| 001 | 3723 | |
| 005 | 20181008135152.95 | |
| 010 | @a978-7-118-11165-1@dCNY76.00 | |
| 100 | @a20170619d2016 em y0chiy50 ea | |
| 101 | 0 | @achi |
| 102 | @aCN@b110000 | |
| 105 | @aa z 000yy | |
| 200 | 1 | @a激光束的强度矩描述@9ji guang shu de qiang du ju miao shu@f冯国英,周寿桓编著 |
| 210 | @a北京@c国防工业出版社@d2016.11 | |
| 215 | @a205页@c图@d24cm | |
| 225 | 2 | @a现代激光技术及应用丛书 |
| 312 | @a封面英文题名:Intensity moment of laser beam | |
| 330 | @a本书内容包括线性光学系统的矩阵表示,激光束的强度分布及强度矩传输规律,光束传输旋转不变量,激光束像散和扭曲的定量表达及校正等。 | |
| 461 | 0 | @12001 @a现代激光技术及应用丛书 |
| 510 | 1 | @aIntensity moment of laser beam@zeng |
| 606 | 0 | @a激光@x强度矩阵@x研究 |
| 690 | @aTN241@v5 | |
| 690 | @aTN24@v4 | |
| 701 | 0 | @a冯国英@9feng guo ying@4编著 |
| 701 | 0 | @a周寿桓@9zhou shou huan@4编著 |
| 801 | 0 | @aCN@b91MARC@c20170619 |
| 905 | @aMuseLib@dTN24@e132 | |
| 激光束的强度矩描述/冯国英,周寿桓编著.-北京:国防工业出版社,2016.11 |
| 205页:图;24cm.-(现代激光技术及应用丛书) |
| ISBN 978-7-118-11165-1:CNY76.00 |
| 本书内容包括线性光学系统的矩阵表示,激光束的强度分布及强度矩传输规律,光束传输旋转不变量,激光束像散和扭曲的定量表达及校正等。 |
| ● |
| 相关链接 |
|
|
|
|
正题名:激光束的强度矩描述
索取号:TN24/132
 
预约/预借
| 序号 | 登录号 | 条形码 | 馆藏地/架位号 | 状态 | 备注 |
| 1 | 1123407 | 211234074 | 第二样本阅览室/ [索取号:TN24/132] | 在馆 | |
| 2 | 1123408 | 211234083 | 密集书库-数信学院/ [索取号:TN24/132] | 在馆 | |
| 3 | 1123409 | 211234092 | 第三借阅区/ [索取号:TN24/132] | 在馆 | |
| 4 | 1123410 | 211234109 | 第三借阅区/ [索取号:TN24/132] | 在馆 | |
| 5 | 1123411 | 211234118 | 第三借阅区/ [索取号:TN24/132] | 在馆 |